[Event "Oslo Chess International 2014"]
[Site "Oslo"]
[Date "2014.09.28"]
[Round "8"]
[White "Omtvedt, Per"]
[Black "Keadana, Amir"]
[Result "1-0"]
[WhiteElo "1948"]
[BlackElo "1628"]
[PlyCount "71"]
[EventDate "2014.??.??"]

1. e4 e6 2. d4 d5 3. Nd2 Nf6 4. e5 Nfd7 5. Bd3 b6 6. Ndf3 Ba6 7. Ne2 c5 8. c3
Bxd3 9. Qxd3 c4 10. Qc2 b5 11. b3 Nb6 12. O-O b4 13. cxb4 Bxb4 14. bxc4 dxc4
15. Bd2 Bxd2 16. Nxd2 Na6 17. a4 Rc8 18. a5 Nb4 19. Qd1 N6d5 20. Qa4+ Qd7 21.
Ne4 Ke7 22. Qxd7+ Kxd7 23. Nc5+ Ke7 24. Rfc1 Nd3 25. Rxc4 Nxc5 26. dxc5 Rc6 27.
Nd4 Rcc8 28. g3 g5 29. Rb1 Rb8 30. Rxb8 Rxb8 31. Nc6+ Kd7 32. Nxb8+ Kc7 33.
Na6+ Kc6 34. Nb4+ Kb5 35. Nxd5 Kxc4 36. c6 1-0

[Event "Oslo Chess International 2014"]
[Site "Oslo"]
[Date "2014.09.28"]
[Round "8"]
[White "Sivaranjan, Aschmirthan"]
[Black "Lindblom, Roar"]
[Result "1/2-1/2"]
[WhiteElo "1509"]
[BlackElo "1858"]
[PlyCount "57"]
[EventDate "2014.??.??"]

1. e4 e5 2. Nf3 Nc6 3. Bb5 a6 4. Ba4 d6 5. c3 Bd7 6. d3 h6 7. Nbd2 Nge7 8. Nf1
Ng6 9. Ng3 Be7 10. O-O b5 11. Bc2 Bg5 12. a3 Bg4 13. h3 Bxc1 14. Rxc1 Bd7 15.
d4 O-O 16. Qd2 Nf4 17. Rfd1 f6 18. Nh4 Ne7 19. Ne2 Nfg6 20. Nxg6 Nxg6 21. f4
Nxf4 22. Nxf4 exf4 23. Qxf4 Qe8 24. Rf1 Qh5 25. Bd1 Qg5 26. Qf3 Be6 27. Bc2
Rae8 28. Rce1 Bd7 29. b4 1/2-1/2

[Event "Oslo Chess International 2014"]
[Site "Oslo"]
[Date "2014.09.28"]
[Round "8"]
[White "Wicklund-Hansen, Rich."]
[Black "Sivaranjan, Pradheeban"]
[Result "1-0"]
[WhiteElo "1815"]
[BlackElo "1030"]
[PlyCount "51"]
[EventDate "2014.??.??"]

1. e4 e5 2. Nf3 Nc6 3. d4 exd4 4. c3 dxc3 5. Nxc3 Nf6 6. Bc4 Bc5 7. e5 Ng4 8.
Bxf7+ Kxf7 9. Qd5+ Ke8 10. Qxc5 d6 11. exd6 Qxd6 12. Qxd6 cxd6 13. Bf4 Nb4 14.
O-O d5 15. Rad1 Kf7 16. a3 Nc2 17. Ng5+ Kg6 18. Nxd5 b6 19. h3 Nf6 20. Ne7+ Kh5
21. g4+ Nxg4 22. hxg4+ Bxg4 23. f3 Bc8 24. Kf2 Bh3 25. Rh1 g6 26. Rxh3#
1-0

[Event "Oslo Chess International 2014"]
[Site "Oslo"]
[Date "2014.09.28"]
[Round "8"]
[White "Ondo, Shaun"]
[Black "Kløfsrud, August Kristiansen"]
[Result "1-0"]
[WhiteElo "1730"]
[BlackElo "1606"]
[PlyCount "61"]
[EventDate "2014.??.??"]

1. Nf3 c5 2. c4 Nc6 3. g3 g6 4. Bg2 Bg7 5. O-O Nf6 6. e3 d6 7. d4 cxd4 8. Nxd4
Nxd4 9. exd4 Qc7 10. Qb3 Rb8 11. c5 Nh5 12. Nc3 dxc5 13. Nd5 Qd6 14. dxc5 Qxc5
15. Be3 Qa5 16. Rac1 O-O 17. Nxe7+ Kh8 18. Nc6 bxc6 19. Qxb8 Be6 20. Qxa7 Qxa7
21. Bxa7 Ra8 22. Be3 Rxa2 23. b4 Rb2 24. Rfd1 h6 25. Bc5 Nf6 26. Bxc6 Ng4 27.
b5 Ne5 28. Bd4 Bd7 29. Bxb2 Bxc6 30. Bxe5 Bxe5 31. bxc6 1-0

[Event "Oslo Chess International 2014"]
[Site "Oslo"]
[Date "2014.09.28"]
[Round "8"]
[White "Trana, Arne O"]
[Black "Huse, Sigurd Kjelsbøl"]
[Result "1-0"]
[WhiteElo "1358"]
[BlackElo "1720"]
[PlyCount "75"]
[EventDate "2014.??.??"]

1. e4 e5 2. Nf3 Nf6 3. Nxe5 d6 4. Nf3 Nxe4 5. Nc3 Nxc3 6. dxc3 Be7 7. Be3 Nc6
8. Qd2 Be6 9. Be2 a6 10. Nd4 Qd7 11. O-O O-O 12. f4 Nxd4 13. cxd4 d5 14. Rae1
Bf5 15. Bf3 Bf6 16. Bf2 Rfe8 17. b3 c6 18. c4 dxc4 19. bxc4 Rad8 20. d5 cxd5
21. cxd5 Bg4 22. Bxg4 Qxg4 23. Bb6 Rc8 24. d6 Rxe1 25. Rxe1 Qd7 26. Bc7 h6 27.
Qd1 Bd8 28. Bxd8 Rxd8 29. Re7 Qxd6 30. Re8+ Kh7 31. Rxd8 Qxf4 32. h3 b5 33.
Qd3+ f5 34. Rd7 Qc1+ 35. Kh2 Qg5 36. Qg3 Qf6 37. Rd6 Qf7 38. Rxa6
1-0

[Event "Oslo Chess International 2014"]
[Site "Oslo"]
[Date "2014.09.28"]
[Round "8"]
[White "Roksvold, Thore"]
[Black "Moberg, Jan Rune"]
[Result "0-1"]
[WhiteElo "1140"]
[BlackElo "1697"]
[PlyCount "90"]
[EventDate "2014.??.??"]

1. e4 e5 2. Bc4 d6 3. Ne2 Bg4 4. f3 Bh5 5. Ng3 Bg6 6. d4 Nd7 7. c3 c6 8. Qb3
Be7 9. Nf5 b5 10. Nxe7 bxc4 11. Nxc6 cxb3 12. Nxd8 Rxd8 13. axb3 Ngf6 14. Rxa7
d5 15. Nd2 exd4 16. cxd4 dxe4 17. Nxe4 O-O 18. Nxf6+ Nxf6 19. Ra4 Rfe8+ 20. Kf2
Bc2 21. Rb4 Rb8 22. Bd2 Rxb4 23. Bxb4 Bxb3 24. Bc3 Nd5 25. Re1 Rxe1 26. Bxe1
Kf8 27. Ke2 Bc4+ 28. Kd2 Ke7 29. g3 Ke6 30. Bf2 f5 31. f4 h5 32. Kc2 Nf6 33. h4
Kd5 34. b3 Bb5 35. Kb2 Ke4 36. Kc3 Kf3 37. Kb4 Bc6 38. Kc5 Bd5 39. b4 Kxf2 40.
b5 Kxg3 41. b6 Kxf4 42. Kd6 Ke4 43. Kc7 f4 44. b7 Bxb7 45. Kxb7 f3
0-1

[Event "Oslo Chess International 2014"]
[Site "Oslo"]
[Date "2014.09.28"]
[Round "8"]
[White "Aure, Anders Nilsson"]
[Black "Yilmaz, Kazim"]
[Result "1/2-1/2"]
[WhiteElo "1628"]
[BlackElo "1686"]
[PlyCount "47"]
[EventDate "2014.??.??"]

1. c4 Nf6 2. Nc3 e6 3. d4 Bb4 4. Qb3 Bxc3+ 5. Qxc3 d5 6. Bg5 Nbd7 7. e3 O-O 8.
Nf3 b6 9. Be2 Bb7 10. O-O dxc4 11. Qxc4 a5 12. Ne5 Ba6 13. Qc2 Bxe2 14. Qxe2
Qe8 15. Nxd7 Nxd7 16. Rac1 c5 17. Bf4 e5 18. dxe5 Nxe5 19. Rfd1 Qe6 20. a3 Rfd8
21. Bxe5 Qxe5 22. Qb5 Qe6 23. g3 g6 24. h4
1/2-1/2

[Event "Oslo Chess International 2014"]
[Site "Oslo"]
[Date "2014.09.28"]
[Round "8"]
[White "Thorvaldsen, Thomas"]
[Black "Tveten, Per"]
[Result "0-1"]
[WhiteElo "908"]
[BlackElo "1593"]
[PlyCount "49"]
[EventDate "2014.??.??"]

1. d4 d5 2. c4 c6 3. Nc3 Nf6 4. Bg5 Bf5 5. Bxf6 exf6 6. Qb3 Qd7 7. cxd5 cxd5 8.
Nxd5 Be6 9. e4 f5 10. f3 Nc6 11. Rd1 fxe4 12. fxe4 f5 13. Nf6+ gxf6 14. d5 Bb4+
15. Kf2 Bc5+ 16. Ke1 Bb4+ 17. Kf2 Bc5+ 18. Ke1 Bb4+ 19. Kf2 O-O-O 20. Rd3 fxe4
21. dxc6 Bc5+ 22. Ke1 Qxc6 23. Rxd8+ Rxd8 24. Qc3 Bxa2 25. Qxf6
0-1

[Event "Oslo Chess International 2014"]
[Site "Oslo"]
[Date "2014.09.28"]
[Round "8"]
[White "Merkesvik, Amalie Isabel"]
[Black "Bø, Torgeir H"]
[Result "0-1"]
[WhiteElo "1530"]
[BlackElo "1474"]
[PlyCount "50"]
[EventDate "2014.??.??"]

1. e4 e5 2. Nf3 Nc6 3. Nc3 Nf6 4. Bc4 Nxe4 5. Nxe4 d5 6. Bd3 dxe4 7. Bxe4 Be7
8. Bxc6+ bxc6 9. Nxe5 Qd5 10. Nf3 Bg4 11. d3 O-O 12. Be3 Bd6 13. h3 Qh5 14. Qe2
Rab8 15. O-O-O Qb5 16. b3 Qa5 17. Kb2 Ba3+ 18. Kb1 Bxf3 19. Qxf3 Qc3 20. Bc1
Bxc1 21. Rxc1 a5 22. a4 Rxb3+ 23. cxb3 Qxb3+ 24. Ka1 Rb8 25. Qe2 Qxa4+
0-1

[Event "Oslo Chess International 2014"]
[Site "Oslo"]
[Date "2014.09.28"]
[Round "8"]
[White "Ingebretsen, Jens E"]
[Black "Hånes, Sturle"]
[Result "1/2-1/2"]
[WhiteElo "1117"]
[BlackElo "1309"]
[PlyCount "58"]
[EventDate "2014.??.??"]

1. d4 Nf6 2. Nf3 e6 3. e3 b6 4. c4 Bb7 5. Nc3 Be7 6. Be2 d6 7. O-O O-O 8. b3
Nbd7 9. Bb2 h6 10. Qc2 Re8 11. Rad1 Qc8 12. Nd2 e5 13. d5 Nf8 14. Bd3 Qd8 15.
Ne2 Bc8 16. h3 N6h7 17. Ng3 Nf6 18. Nf5 N8h7 19. Ne4 Nxe4 20. Bxe4 Nf6 21. Bc1
Nxe4 22. Qxe4 Bf6 23. Bb2 Bxf5 24. Qxf5 Qc8 25. Qxc8 Raxc8 26. e4 Ra8 27. a4 a5
28. g3 Be7 29. Rde1 f6 1/2-1/2

[Event "Oslo Chess International 2014"]
[Site "Oslo"]
[Date "2014.09.28"]
[Round "9"]
[White "Moberg, Jan Rune"]
[Black "Bakkes, Frits"]
[Result "1-0"]
[WhiteElo "1697"]
[BlackElo "1682"]
[PlyCount "51"]
[EventDate "2014.??.??"]

1. d4 d5 2. c4 c6 3. Nf3 Nf6 4. Qc2 e6 5. a3 Nbd7 6. e3 a6 7. c5 Be7 8. Bd3 Qc7
9. b4 Nf8 10. Bb2 Ng6 11. Nbd2 Nd7 12. e4 dxe4 13. Nxe4 Nf6 14. Ng3 Nf4 15. O-O
Nxd3 16. Qxd3 Nd5 17. Rae1 Nf4 18. Qe3 Ng6 19. Re2 O-O 20. Nh5 a5 21. d5 cxd5
22. Bxg7 Rd8 23. Qh6 f5 24. Ne5 Nxe5 25. Bxe5 Bf8 26. Nf6+ 1-0

[Event "Oslo Chess International 2014"]
[Site "Oslo"]
[Date "2014.09.28"]
[Round "9"]
[White "Nilsen, Tobias Lang"]
[Black "Gustavsson, Kent"]
[Result "1-0"]
[WhiteElo "1652"]
[BlackElo "1892"]
[PlyCount "59"]
[EventDate "2014.??.??"]

1. c4 e5 2. g3 f5 3. Bg2 Nf6 4. d3 Bc5 5. Nf3 d6 6. Nc3 O-O 7. O-O a6 8. Rb1
Nc6 9. a3 a5 10. Na4 Ba7 11. b4 axb4 12. axb4 Bd7 13. Nc3 Qc8 14. Bd2 Bd4 15.
Nb5 Bb6 16. Qb3 Kh8 17. Rfc1 Be6 18. Qb2 Qb8 19. Ra1 Rxa1 20. Qxa1 Qa8 21. Qxa8
Rxa8 22. c5 dxc5 23. bxc5 Ba5 24. Ra1 Ra6 25. Bxa5 Rxa5 26. Rxa5 Nxa5 27. Nxc7
Bc8 28. Nxe5 Nb3 29. Nf7+ Kg8 30. Nd6 1-0

[Event "Oslo Chess International 2014"]
[Site "Oslo"]
[Date "2014.09.28"]
[Round "9"]
[White "Østby, Martin Bergsjø"]
[Black "Pettersson, Ola"]
[Result "1-0"]
[WhiteElo "1897"]
[BlackElo "1997"]
[PlyCount "49"]
[EventDate "2014.??.??"]

1. e4 e5 2. Nf3 Nc6 3. Bc4 Bc5 4. c3 Qe7 5. O-O d6 6. d4 Bb6 7. h3 Nf6 8. Re1
O-O 9. Bg5 h6 10. Bh4 Kh8 11. d5 Nd8 12. a4 a6 13. a5 Ba7 14. Nbd2 Bd7 15. Nh2
g5 16. Bg3 Rg8 17. Be2 c6 18. c4 cxd5 19. cxd5 Rc8 20. Rc1 Rxc1 21. Qxc1 h5 22.
h4 Ng4 23. Bxg4 gxh4 24. Ndf3 Rxg4 25. Nxg4 1-0

[Event "Oslo Chess International 2014"]
[Site "Oslo"]
[Date "2014.09.28"]
[Round "9"]
[White "Sirletti, Sonia"]
[Black "Johansen, Pål H"]
[Result "1/2-1/2"]
[WhiteElo "1843"]
[BlackElo "1919"]
[PlyCount "90"]
[EventDate "2014.??.??"]

1. d4 d5 2. Nf3 Nf6 3. e3 g6 4. c4 Bg7 5. Nc3 O-O 6. cxd5 Nxd5 7. e4 Nxc3 8.
bxc3 c5 9. Be3 Nc6 10. Qd2 Qa5 11. Rc1 Rd8 12. d5 e6 13. c4 b6 14. Qxa5 Nxa5
15. Bd3 exd5 16. exd5 Nb7 17. O-O Nd6 18. Rfe1 Bf5 19. Bxf5 Nxf5 20. Bf4 Re8
21. g4 Nd4 22. Nxd4 Bxd4 23. Kf1 f6 24. Rxe8+ Rxe8 25. Re1 Kf7 26. Rxe8 Kxe8
27. Bb8 a6 28. a4 Kd7 29. Ke2 Be5 30. Bxe5 fxe5 31. Kd3 Kd6 32. Ke4 g5 33. h3
h6 34. f3 a5 35. Kd3 Kd7 36. Ke4 Kd6 37. Ke3 Ke7 38. Ke4 Kd6 39. Kf5 b5 40.
cxb5 c4 41. Ke4 Kc5 42. Ke3 Kxd5 43. Kd2 Kd6 44. Kc2 Kd5 45. Kc3 Kc5 1/2-1/2

[Event "Oslo Chess International 2014"]
[Site "Oslo"]
[Date "2014.09.28"]
[Round "9"]
[White "Wahlstedt, Mats"]
[Black "Smeby, Ole"]
[Result "1-0"]
[WhiteElo "1980"]
[BlackElo "2042"]
[PlyCount "77"]
[EventDate "2014.??.??"]

1. e4 d5 2. exd5 Qxd5 3. Nc3 Qa5 4. Nf3 Bg4 5. h3 Bxf3 6. Qxf3 c6 7. b4 Qc7 8.
Rb1 Nf6 9. Be2 e6 10. O-O Nbd7 11. Ne4 Nxe4 12. Qxe4 Nf6 13. Qf3 Bd6 14. Re1
O-O 15. a3 Rfd8 16. Bb2 Be5 17. Bc1 Nd5 18. Bf1 Bf6 19. g3 b5 20. Qe4 a5 21. c4
bxc4 22. Qxc4 axb4 23. axb4 Ra4 24. Bg2 Qb6 25. Bxd5 cxd5 26. Qb3 Qb5 27. d3
Rb8 28. Bd2 Rba8 29. Qc2 Ra2 30. Qc1 Qxd3 31. Bf4 Bd4 32. Be3 Bc3 33. Rd1 Qc4
34. b5 Rb8 35. b6 Rb7 36. Bd4 Bd2 37. Rxd2 Rxd2 38. Qxd2 e5 39. Rc1 1-0

[Event "Oslo Chess International 2014"]
[Site "Oslo"]
[Date "2014.09.28"]
[Round "9"]
[White "Heier, Odin Nikolai"]
[Black "Mørkedal, Øyvind"]
[Result "1/2-1/2"]
[WhiteElo "1626"]
[BlackElo "1766"]
[PlyCount "54"]
[EventDate "2014.??.??"]

1. e4 c5 2. Nf3 e6 3. d4 cxd4 4. Nxd4 a6 5. Nc3 Qc7 6. Be2 b5 7. a3 Nc6 8. Be3
Nxd4 9. Bxd4 Bb7 10. O-O e5 11. Be3 Nf6 12. Bf3 Be7 13. Qd3 O-O 14. Rfd1 Rfd8
15. Rac1 Rac8 16. Bg5 d6 17. Bxf6 Bxf6 18. Bg4 Rb8 19. Nd5 Bxd5 20. Qxd5 Qc5
21. Qxc5 dxc5 22. Rxd8+ Rxd8 23. Rd1 Rxd1+ 24. Bxd1 Bg5 25. b3 Bc1 26. a4 bxa4
27. bxa4 Bd2 1/2-1/2

[Event "Oslo Chess International 2014"]
[Site "Oslo"]
[Date "2014.09.28"]
[Round "9"]
[White "Kvisla, Johannes Luangtep"]
[Black "Johansen, Kai-Roger"]
[Result "1-0"]
[WhiteElo "2096"]
[BlackElo "1995"]
[PlyCount "53"]
[EventDate "2014.??.??"]

1. d4 d5 2. c4 e6 3. Nf3 Nf6 4. g3 c6 5. Bg2 Be7 6. O-O O-O 7. Qc2 Nbd7 8. Rd1
dxc4 9. Qxc4 Nb6 10. Qc2 Nbd5 11. a3 Qc7 12. e4 Nb6 13. Nc3 Bd7 14. Bf4 Qc8 15.
Qe2 Rd8 16. Rac1 a6 17. Ne5 Be8 18. Bh3 Nfd7 19. Nf3 c5 20. d5 exd5 21. exd5
Bf8 22. Ng5 Ra7 23. a4 Qa8 24. Bc7 Rc8 25. d6 a5 26. Bxb6 Nxb6 27. d7 1-0

[Event "Oslo Chess International 2014"]
[Site "Oslo"]
[Date "2014.09.28"]
[Round "9"]
[White "Svensen, Tarjei Joten"]
[Black "Ranaldi, Lucas"]
[Result "1-0"]
[WhiteElo "2082"]
[BlackElo "1831"]
[PlyCount "119"]
[EventDate "2014.??.??"]

1. d4 Nf6 2. Bg5 Ne4 3. Bf4 c5 4. f3 Qa5+ 5. c3 Nf6 6. d5 Qb6 7. Bc1 e6 8. e4
exd5 9. exd5 d6 10. Na3 Be7 11. Nc4 Qc7 12. a4 b6 13. Ne2 O-O 14. Ng3 Re8 15.
Be2 Nbd7 16. O-O Bb7 17. Ne3 Bf8 18. c4 g6 19. Bd3 Bg7 20. f4 Rf8 21. Bd2 Rae8
22. Re1 a6 23. Qc2 b5 24. cxb5 Nxd5 25. Nxd5 Bxd5 26. Bc3 Bxc3 27. Qxc3 axb5
28. Bxb5 Qb7 29. Rxe8 Rxe8 30. Re1 Rxe1+ 31. Qxe1 Nb8 32. Qe2 Nc6 33. Qe8+ Kg7
34. Ne4 Bxe4 35. Qxe4 Na5 36. Qxb7 Nxb7 37. Bc6 Na5 38. Bd5 f6 39. Kf2 Kf8 40.
Ke3 Ke7 41. b3 h6 42. h4 g5 43. h5 f5 44. g3 gxf4+ 45. gxf4 Kd7 46. Kd3 Nc6 47.
Kc4 Kc7 48. Bf7 Nd4 49. b4 Ne2 50. bxc5 dxc5 51. Kxc5 Nxf4 52. Kd4 Kb6 53. Ke5
Ne2 54. Kxf5 Ka5 55. Be8 Ng3+ 56. Kg6 Ne4 57. Kxh6 Nf6 58. Bb5 Ng8+ 59. Kg7 Ne7
60. Bd7 1-0

[Event "Oslo Chess International 2014"]
[Site "Oslo"]
[Date "2014.09.28"]
[Round "9"]
[White "Risting, Eivind Olav"]
[Black "Tryggestad, Andreas G"]
[Result "0-1"]
[WhiteElo "2032"]
[BlackElo "2019"]
[PlyCount "92"]
[EventDate "2014.??.??"]

1. e4 c5 2. Nf3 e6 3. d4 cxd4 4. Nxd4 a6 5. Nc3 Qc7 6. g3 Nf6 7. Bg2 Be7 8. O-O
O-O 9. Re1 d6 10. Qe2 Bd7 11. Be3 Nc6 12. h3 Rac8 13. Kh2 Ne5 14. Rad1 b5 15.
a3 Nc4 16. Bc1 Nxa3 17. f4 Nc4 18. g4 g6 19. f5 b4 20. Nb1 d5+ 21. Kh1 Nxe4 22.
Bxe4 dxe4 23. Qf2 e5 24. f6 exd4 25. fxe7 Rfe8 26. Rxd4 Bc6 27. Kg1 Bb7 28. Bh6
Qxe7 29. c3 e3 30. Qf4 Qe5 31. cxb4 Qxf4 32. Bxf4 Ne5 33. Bxe5 Rxe5 34. Nc3
Rce8 35. Rd3 f5 36. gxf5 gxf5 37. Rd7 R8e7 38. Rd4 Kf7 39. Kh2 Kf6 40. Kg3 e2
41. Kf4 Re3 42. Rd6+ Kg7 43. Kxf5 Rf7+ 44. Kg5 h6+ 45. Rxh6 Re5+ 46. Kg4 Kxh6
0-1

[Event "Oslo Chess International 2014"]
[Site "Oslo"]
[Date "2014.09.28"]
[Round "9"]
[White "Hauan, Tore Martin Madsø"]
[Black "Roksvold, Thore"]
[Result "1-0"]
[WhiteElo "1647"]
[BlackElo "1140"]
[PlyCount "73"]
[EventDate "2014.??.??"]

1. d4 f5 2. c4 e6 3. g3 Nf6 4. Bg2 c6 5. Nc3 d5 6. Nf3 Bd6 7. O-O O-O 8. Qb3 b6
9. Ne5 Bb7 10. Bf4 Bc7 11. Rac1 Nbd7 12. cxd5 Nxe5 13. d6 Bb8 14. dxe5 Nd5 15.
Nxd5 cxd5 16. Rfd1 g5 17. Bd2 f4 18. gxf4 gxf4 19. Bxf4 Kh8 20. Bg3 a5 21. Rd4
Ba6 22. Qc2 Ba7 23. Qc7 Rc8 24. Rh4 Rxc7 25. Rxc7 Qxc7 26. dxc7 Rc8 27. Bh3
Bxe2 28. Bxe6 Rxc7 29. Bxd5 Re7 30. Kg2 b5 31. e6 Kg7 32. Bd6 Re8 33. Rf4 Bh5
34. Be5+ Kh6 35. Rf6+ Kg5 36. Kg3 Bb8 37. f4# 1-0

[Event "Oslo Chess International 2014"]
[Site "Oslo"]
[Date "2014.09.28"]
[Round "9"]
[White "Egeland, Finn"]
[Black "Fredriksen, Jan Gunnar"]
[Result "1-0"]
[WhiteElo "1995"]
[BlackElo "1977"]
[PlyCount "65"]
[EventDate "2014.??.??"]

1. e4 c6 2. d4 g6 3. Bd3 Bg7 4. c3 d6 5. Ne2 e5 6. O-O Ne7 7. Ng3 exd4 8. f4
Qb6 9. Kh1 Na6 10. f5 gxf5 11. exf5 Be5 12. Nh5 Bd7 13. Nd2 O-O-O 14. Nc4 Qc7
15. Bg5 Be8 16. cxd4 Bxd4 17. f6 Ng6 18. Bf5+ Bd7 19. Qxd4 Bxf5 20. Qxa7 Bd3
21. Nb6+ Qxb6 22. Qxb6 Bxf1 23. Rxf1 Rhe8 24. Ng7 Re5 25. Nf5 Nc5 26. Ne7+ Kd7
27. Bd2 Nxe7 28. fxe7 Kxe7 29. b4 Ne4 30. Qxb7+ Rd7 31. Rxf7+ Kxf7 32. Qxd7+
Kf6 33. Bf4 1-0

[Event "Oslo Chess International 2014"]
[Site "Oslo"]
[Date "2014.09.28"]
[Round "9"]
[White "Hånes, Sturle"]
[Black "Merkesvik, Amalie Isabel"]
[Result "0-1"]
[WhiteElo "1309"]
[BlackElo "1530"]
[PlyCount "60"]
[EventDate "2014.??.??"]

1. e4 e5 2. Nc3 Nf6 3. d3 h6 4. g3 Nc6 5. Bg2 Bc5 6. Na4 Be7 7. Ne2 d5 8. O-O
dxe4 9. dxe4 Bg4 10. Qe1 Qd7 11. Be3 Nd4 12. Nxd4 exd4 13. f3 dxe3 14. fxg4
Qxa4 15. b3 Qd4 16. Kh1 Qd2 17. Qxd2 exd2 18. Bf3 O-O-O 19. a3 h5 20. g5 Ng4
21. Bxg4+ hxg4 22. b4 Bxg5 23. Rad1 Bf6 24. Rf5 Bb2 25. Rd5 Bc1 26. Rg5 Rhe8
27. Rxg4 f5 28. Rf4 fxe4 29. Kg2 e3 30. Kh3 e2 0-1

[Event "Oslo Chess International 2014"]
[Site "Oslo"]
[Date "2014.09.28"]
[Round "9"]
[White "Tveten, Per"]
[Black "Pedersen, Helge F"]
[Result "0-1"]
[WhiteElo "1593"]
[BlackElo "888"]
[PlyCount "78"]
[EventDate "2014.??.??"]

1. e4 e5 2. Nf3 Nc6 3. Bc4 Bc5 4. d3 h6 5. O-O Nf6 6. h3 O-O 7. a3 a6 8. Nc3 d6
9. Be3 Re8 10. b4 Bd4 11. Nxd4 exd4 12. Qf3 Ne5 13. Qg3 dxe3 14. fxe3 Nxc4 15.
dxc4 Nxe4 16. Nxe4 Rxe4 17. c5 Qh4 18. Qf3 Qe7 19. cxd6 cxd6 20. Rae1 Bd7 21.
Qg3 Qe5 22. Qf3 Be6 23. Rf2 Rc8 24. Rd2 Rc3 25. Rxd6 Rcxe3 26. Rd8+ Kh7 27.
Rxe3 Rxe3 28. Rd3 Rxf3 29. Rxf3 Qg5 30. Kh2 Bd5 31. Rg3 Qf4 32. h4 Qxh4+ 33.
Rh3 Qe4 34. Rg3 Qxc2 35. Kh3 Qf5+ 36. Kh2 h5 37. a4 h4 38. Rh3 Qg4 39. g3 Qe2+
0-1

[Event "Oslo Chess International 2014"]
[Site "Oslo"]
[Date "2014.09.28"]
[Round "9"]
[White "Yilmaz, Kazim"]
[Black "Vestby-Ellingsen, Mads"]
[Result "1/2-1/2"]
[WhiteElo "1686"]
[BlackElo "1566"]
[PlyCount "53"]
[EventDate "2014.??.??"]

1. c4 e5 2. Nc3 Nf6 3. Nf3 Nc6 4. g3 Bb4 5. Bg2 O-O 6. O-O d6 7. d3 Bxc3 8.
bxc3 h6 9. e4 Be6 10. Rb1 Rb8 11. Be3 Qe7 12. Nd2 Ng4 13. Qe2 f5 14. f4 h5 15.
h3 Nxe3 16. Qxe3 fxe4 17. Qxe4 Rfd8 18. Qg6 Bf7 19. Bd5 exf4 20. Qxf7+ Qxf7 21.
Bxf7+ Kxf7 22. Rxf4+ Kg6 23. d4 Re8 24. Kf2 Re7 25. Re1 Rxe1 26. Kxe1 Re8+ 27.
Kf2 1/2-1/2

[Event "Oslo Chess International 2014"]
[Site "Oslo"]
[Date "2014.09.28"]
[Round "9"]
[White "Moseng, Geir"]
[Black "Reppen, Sigmund"]
[Result "1/2-1/2"]
[WhiteElo "1983"]
[BlackElo "2069"]
[PlyCount "128"]
[EventDate "2014.??.??"]

1. d4 d5 2. Nf3 Nf6 3. e3 Bg4 4. h3 Bxf3 5. Qxf3 e6 6. Bd3 Nbd7 7. c4 c6 8. Nc3
Bb4 9. O-O O-O 10. Qg3 Re8 11. f3 e5 12. cxd5 cxd5 13. dxe5 Nxe5 14. Bb5 Re6
15. Ne2 Nh5 16. Qf2 a6 17. f4 Nd7 18. Bd3 Bc5 19. Qf3 Nhf6 20. Nc3 Qe7 21. Bf5
Bxe3+ 22. Bxe3 Rxe3 23. Nxd5 Nxd5 24. Qxd5 Nf6 25. Qc4 Re2 26. Rf2 Rxf2 27.
Kxf2 Re8 28. Kg1 b5 29. Qd3 Rd8 30. Qc3 Nd5 31. Qf3 Qf6 32. Be4 Qd4+ 33. Kh2
Nf6 34. Bc2 Qxb2 35. Rd1 Re8 36. Bb3 Qe2 37. Qb7 Qe7 38. Qxa6 Qe3 39. Qxb5
Qxf4+ 40. Kh1 Qf2 41. Rf1 Qe3 42. Qc4 Re7 43. a4 Qe5 44. Qc8+ Re8 45. Qf5 Qc3
46. Qb5 Re3 47. Qb8+ Re8 48. Qb7 Rf8 49. Qb5 Qc7 50. Rb1 Ne4 51. Qc4 Qxc4 52.
Bxc4 Nd2 53. Rb4 Nxc4 54. Rxc4 g6 55. Kg1 Rb8 56. Kf2 Rb3 57. h4 Ra3 58. Rc8+
Kg7 59. Ra8 Kh6 60. Ra7 Kg7 61. g3 h5 62. Kg2 Kf6 63. Kf2 Kg7 64. Kg2 Kf6
1/2-1/2

[Event "Oslo Chess International 2014"]
[Site "Oslo"]
[Date "2014.09.28"]
[Round "9"]
[White "Huse, Sigurd Kjelsbøl"]
[Black "Nordquelle, Daniel"]
[Result "1/2-1/2"]
[WhiteElo "1720"]
[BlackElo "1814"]
[PlyCount "56"]
[EventDate "2014.??.??"]

1. e4 e6 2. d4 d5 3. Nc3 Bb4 4. e5 c5 5. Bd2 Nc6 6. Nb5 Bxd2+ 7. Qxd2 Nxd4 8.
Nxd4 cxd4 9. Bb5+ Bd7 10. Bxd7+ Qxd7 11. f4 Ne7 12. Nf3 Nf5 13. Nxd4 Nxd4 14.
Qxd4 O-O 15. O-O-O Rfc8 16. Kb1 Qc7 17. Rd2 Qa5 18. b3 Qc3 19. Rhd1 b6 20. Qxc3
Rxc3 21. Rd3 Rac8 22. R1d2 f6 23. Kb2 R3c7 24. Re3 Kf7 25. g4 h5 26. h3 hxg4
27. hxg4 Rh8 28. f5 Rd8 1/2-1/2

[Event "Oslo Chess International 2014"]
[Site "Oslo"]
[Date "2014.09.28"]
[Round "9"]
[White "Jacobsen, Fredrik Beer"]
[Black "Kovachev, Daniel Jakobsen"]
[Result "1-0"]
[WhiteElo "2046"]
[BlackElo "2289"]
[PlyCount "96"]
[EventDate "2014.??.??"]

1. e4 Nf6 2. d3 e5 3. Nc3 Nc6 4. g3 d5 5. Bg2 Be6 6. exd5 Nxd5 7. Nge2 Nxc3 8.
Nxc3 Qd7 9. Be3 O-O-O 10. Qd2 h5 11. O-O-O Bb4 12. f4 exf4 13. Bxf4 Nd4 14. Kb1
Nb5 15. Rhe1 Bxc3 16. bxc3 Na3+ 17. Ka1 Qa4 18. Rc1 Nb1 19. Rxe6 Nxd2 20. Re7
Qa5 21. Bxd2 Rhe8 22. Rce1 Rxe7 23. Rxe7 g5 24. h4 Qf5 25. hxg5 Qf2 26. Bf4
Qg1+ 27. Kb2 Qb6+ 28. Kc1 Rf8 29. Rxc7+ Qxc7 30. Bxc7 Kxc7 31. Bf3 Rh8 32. Kd2
Kd6 33. d4 b6 34. Kd3 Ke6 35. Ke4 Rc8 36. Kd3 Kf5 37. Bxh5 Rc7 38. Bf3 Kxg5 39.
c4 Kf5 40. c3 Re7 41. Bd1 Re1 42. Be2 Ra1 43. Bh5 Ke6 44. d5+ Kd6 45. Bxf7 Rxa2
46. c5+ Kxc5 47. Be8 Rg2 48. Bc6 a5 1-0

[Event "Oslo Chess International 2014"]
[Site "Oslo"]
[Date "2014.09.28"]
[Round "9"]
[White "Trana, Arne O"]
[Black "Omtvedt, Per"]
[Result "1/2-1/2"]
[WhiteElo "1358"]
[BlackElo "1948"]
[PlyCount "63"]
[EventDate "2014.??.??"]

1. e4 Nf6 2. d3 d5 3. e5 Nfd7 4. d4 e6 5. Nf3 c5 6. c3 Nc6 7. a3 c4 8. g3 Be7
9. Bh3 Nb6 10. O-O Bd7 11. Nbd2 Na5 12. Re1 Ba4 13. Qe2 Qd7 14. Nh4 g5 15. Ng2
h5 16. Ne3 O-O-O 17. g4 h4 18. Ng2 Kb8 19. f4 gxf4 20. Nxf4 Bg5 21. Rf1 Qe7 22.
Qf3 Bc2 23. Rf2 Bh7 24. Bg2 Rdg8 25. h3 Rf8 26. Qe2 Rhg8 27. Kh1 f5 28. exf6
Rxf6 29. Nh5 Rxf2 30. Qxf2 Rf8 31. Qe2 Nc6 32. Nf3 1/2-1/2